| 000 -LEADER |
| fixed length control field |
00597nam a22002177a 4500 |
| 008 - FIXED-LENGTH DATA ELEMENTS--GENERAL INFORMATION |
| fixed length control field |
151012b xxu||||| |||| 00| 0 eng d |
| 020 ## - INTERNATIONAL STANDARD BOOK NUMBER |
| International Standard Book Number |
0471532487 (alk. paper) |
| 041 0# - LANGUAGE CODE |
| Language code of text/sound track or separate title |
eng |
| 080 ## - UNIVERSAL DECIMAL CLASSIFICATION NUMBER |
| Universal Decimal Classification number |
330.322 |
| 100 1# - Rafti |
| Rafti |
Elton, Edwin J. |
| 245 10 - TITLE STATEMENT |
| Title |
Modern portfolio theory and investment analysis / |
| Statement of responsibility, etc |
Edwin J. Elton, Martin J. Gruber. |
| 250 ## - |
| -- |
4th ed. |
| 260 ## - |
| -- |
New York : |
| -- |
Wiley, |
| -- |
1991. |
| 300 ## - |
| -- |
xvi, 736 f. : |
| -- |
me il.; |
| -- |
25 cm. |
| 650 #0 - |
| -- |
Investimet |
| 650 #0 - |
| -- |
Portfolio |
| 650 #0 - |
| -- |
Analiza |
| 650 #0 - |
| -- |
Financa |
| 700 1# - |
| -- |
Gruber, Martin Jay, |
| 942 ## - ADDED ENTRY ELEMENTS (KOHA) |
| Source of classification or shelving scheme |
|
| Item type |
Books |